000 00847nam a22002297a 4500
999 _c4961
_d4961
003 AR-CdUCM
008 190311b ||||| |||| 00| 0 spa d
040 _aMUNICIPALIDAD PROVINCIAL DEL CUSCO
_cBIBLIOTECA MUNICIPAL DEL CUSCO
041 _hfr.
082 _22ed.
_a800.1 /
_bG96
100 _aGuiraud, Pierre
_910818
245 _aLa estilística /
260 _aBuenos Aires :
_bNova,
_c1970.
300 _a134 paginas ;
_c18 cm.
500 _aDonación familia Nieto
505 _aContenido :La retorica --Las fuentes de la estilistica moderna --La estilistica descriptiva o estilistica d la expresión --La estilistica genética o estilistica del individuo ...
650 _aCiencia literaria
_915204
650 _aEstilistica
_915205
700 _aMartha C. de Torres Aguero (traductor)
_915206
942 _2ddc
_cLIBROS
945 _arjall